Outlaws of the marsh : Shi Nai' An and Lou Guanzhong

Bibliographic Details
Main Author: Shi Nai' An
Other Authors: Lou Guanzhong
Format: Book
Published: Beijing : Foreign Languages Press , 20-
Series:Chinese classics
Subjects:

MARC

LEADER 00000cam a2200000 7i4500
001 0000075070
005 20080125.0
020 |a 7119016628 
090 0 0 |a F   |b SHI 
100 1 |a Shi Nai' An 
245 1 0 |a Outlaws of the marsh :   |b Shi Nai' An and Lou Guanzhong 
260 |a Beijing :   |b Foreign Languages Press ,   |c 20- 
300 |a 1603p. ;   |c 18cm. 
490 0 |a Chinese classics 
650 0 0 |a Legenda 
700 0 |a Lou Guanzhong 
999 |a 00167109   |b BUKU   |c PINJAMAN   |e PERPUSTAKAAN KOMUNITI CAW KOTA DAMANSARA 
999 |a 00167110   |b BUKU   |c PINJAMAN   |e PERPUSTAKAAN KOMUNITI CAW KOTA DAMANSARA 
999 |a 00167111   |b BUKU   |c PINJAMAN   |e PERPUSTAKAAN KOMUNITI CAW KOTA DAMANSARA 
999 |a 00167112   |b BUKU   |c PINJAMAN   |e PERPUSTAKAAN KOMUNITI PETALING JAYA